000 00708nam a22002057a 4500
999 _c15034
_d15034
003 AR-CdUCM
008 190425b ||||| |||| 00| 0 spa d
020 _a978-612-4305-00-9
040 _aMUNICIPALIDAD PROVINCIAL DEL CUSCO
_cBIBLIOTECA MUNICIPAL DEL CUSCO
082 _aPI / 808.06 /
_bF75
100 _aForssén Ehrlin, Carl Johan
_934043
245 _aEl conejito que quiere dormirse :
_bUn nuevo método para ayudar a los niños a dormir /
260 _aLima :
_bAlfaguara,
_c2015.
300 _a29 páginas :
_bIlustraciones,
_c25 cm.
650 _aCuentos para dormir
_934044
650 _aInfantil
_96210
650 _aLiteratura infantil
_9588
942 _2ddc
_cLIBROS
945 _adavv
_d25/04/2019